00599nam a22001817a 450000500170000000800410001702000150005803500130007308200060008610000210009224500700011326000350018330000260021870000290024494200200027399900170029395201070031020100925154941.0100925t xxu||||| |||| 00| 0 eng d a0721404790 aA-506596 aS aMurray, W921764 aI like to write /bby W Murray ; illustrated by Martin Aitchison aEnglandbLadybird Bookscn. d. a51p.bill.c15cm (Hb) aAitchison, Martin921765 2ddccCHhSmMUR c47782d47782 00102ddc40718FICaBL1bBL1d2010-09-25l0oS MURpA-506596r2010-09-25 00:00:00t1w2010-09-25yMA